|
|
|
|
| LEADER |
00672nam a22002051a 4500 |
| 020 |
|
|
|a 9788126719006
|c 0.00
|
| 040 |
|
|
|a SSUS - Library - Kalady
|
| 082 |
|
|
|a H 305.42
|b GEE/N
|
| 100 |
|
|
|a Geetashree (ed.)
|
| 245 |
|
|
|a Najpaash maim stree
|h [Text]
|
| 260 |
|
|
|a New Delhi
|b Rajkamal
|c 2010
|
| 300 |
|
|
|a 212p.
|
| 600 |
|
|
|a Feminism
|
| 600 |
|
|
|a Gender Studies
|
| 600 |
|
|
|a Social Sciences
|
| 600 |
|
|
|a Women Studies
|
| 852 |
|
|
|h H 305.42
|i GEE/N
|p 060800
|9 250.00
|t 0
|
| 942 |
|
|
|c BK
|
| 999 |
|
|
|c 30293
|d 30293
|
| 952 |
|
|
|0 0
|1 0
|4 0
|6 H_305_420000000000000_GEE_N
|7 0
|9 43606
|a SSUS
|b SSUS
|d 2015-01-08
|g 250.00
|l 2
|o H 305.42 GEE/N
|p 060800
|q 2020-03-12
|r 2020-02-27
|s 2020-02-27
|v 0.00
|w 2015-01-08
|y BK
|